Magdalena

Salvato in:
Dettagli Bibliografici
Autore principale: Fernández Guardia, Ricardo
Natura: Libro
Lingua:Undetermined
Pubblicazione: San José, Costa Rica Editorial de la Universidad de Costa Rica 1992
Soggetti:
Tags: Aggiungi Tag
Nessun Tag, puoi essere il primo ad aggiungerne!!

MARC

LEADER 00000nam a2200000Ia 4500
008 170316s9999 xx 000 0 und d
040 |a cru BVZT 
090 |a 868 F-7m 
100 |a Fernández Guardia, Ricardo 
245 |a Magdalena 
260 |a San José, Costa Rica 
260 |b Editorial de la Universidad de Costa Rica 
260 |c 1992 
300 |a 98 páginas 
650 |a TEATRO COSTARRICENSE 
650 |a LITERATURA COSTARRICENSE  |9 17 
942 |2 z  |c LIB  |j LIB 
999 |c 30484  |d 30484